Стихотворения Колосовского П. "Заседание Красного Креста", "Анатолию Федоровичу Кони" и "Когда ессентукские пили мы воды…"

RUSMARC
00005442cbc2a2200265#x 450
001bf80b257-76d8-4909-a4db-238312f27072
00520180814102106.0
100##$a20130605l18771877k y0rusy50 ca
1010#$arus
102##$aRU
105##$ay z |||a|
1222#$ad18770412
$ad18771222
2001#$aСтихотворения Колосовского П. "Заседание Красного Креста", "Анатолию Федоровичу Кони" и "Когда ессентукские пили мы воды…"
$j12 октября - 22 декабря 1877
215##$a5 листов
251##$cДело
300##$aАвтограф
300##$aРукописный текст
330##$aМатериалы, преподнесенные и посвященные А. Ф. Кони; Стихотворения и другие рукописные литературные произведения
461#0$10013a54f2e3-e9cf-409b-80fa-f0a9bd3c40cb
$12001
$aКони Анатолий Федорович, юрист, литератор, член академии наук, председатель Санкт-Петербургского окружного суда, член государственного совета
$1251
$cФонд
$1852
$j564
462#0$100178a475cd-a47d-4377-bff3-cee4b81de655
$12001
$aОпись дел фонда А. Ф. Кони за 1880-1931 гг.
$vД. 4007
$1251
$cОпись
$1852
$j1
801#0$aRU
$bGA_RF
801#1$aRU
$bНПО Опыт
$c20130605
$2rusmarc
801#2$aRU
$bПБ им. Б.Н. Ельцина
$c20131029
$gRCR
$2rusmarc
852##$aГА РФ
$j4007
937##$d39759783
$hПБ
035##$aRuPRLIB51006569
600#1$2nlr_sh1
$3RU\NLR\AUTH\66567267
$aКони
$gАнатолий Федорович
$bА.Ф.
$f1844 - 1927
$jДокументы и материалы
60102$2prlib_sh
$3LIBNET\UAF\0000044140
$aРоссийское общество Красного Креста
$xДеятельность
$jДокументы и материалы
686##$2rubbk
$a63.3(2)521
$vLBC/M
686##$a63.3(2)522
$vLBC/M
$2rubbk
686##$a63.3(2)53
$vLBC/M
$2rubbk
686##$a63.3(2)61
$vLBC/M
$2rubbk
605##$2acquisition_Prlib
$3LIBNET\UAF\0000074784
$aГод добровольца (волонтера) в России
$lколлекция
605##$2acquisition_Prlib
$3DITM\AF\0000003834
$aНарод
$lколлекция
605##$2acquisition_Prlib
$3DITM\AF\0000002775
$aВласть
$lколлекция
Формат отображения